000 00743nam a22002292 4500
001 0000024517
005 20151217152303.0
008 131219s xx 000 0 eng d
020 _a0199577071 :
040 _aKABU
_cKABU
245 1 0 _aCross-border bank insolvency /
_cedited by Rosa M. Lastra.
250 _a1st ed.
260 _aOxford :
_bO. U. P.,
_c2011.
300 _axl, 489 p.
650 0 _aBanks and banking
_xLaw and legislation.
_@0000184746
650 0 _aBank failures
_xLaw and legislation.
_@0000184747
650 0 _aBanking law
_xInternational cooperation.
_@0000184748
700 1 _aLastra, Rosa M.
_@0000184749
852 1 _9p18225 KES
908 _a131219
950 _@1
999 _c10318
_d10318